000 01029nam a22003257a 4500
003 CHAP
005 20220329134511.0
008 971013s1975 nyu r 00010 eng d
010 _a21244
011 _a22216
035 _a26309
040 _cCHAP
082 0 4 _a029.4
_bB6
100 0 0 _aBorko, Harold.
_913896
245 1 _aAbstracting concepts and methods
260 _aNew York :
_bAcademic Press,
_c1975
300 _a250 p.
490 0 _aLibrary and information science series
590 _aBATCH-UPD
_b10
_c20130110
_lUCH01
_h0145
590 _aBATCH-UPD
_b10
_c20130110
_lUCH01
_h2150
590 _aBATCH-UPD
_b10
_c20130410
_lUCH01
_h1458
590 _aBATCH-UPD
_b10
_c20130914
_lUCH01
_h0610
590 _aCONVERSION
_b10
_c20130109
_lUCH01
_h1313
650 1 4 _aTrabajos científicos
_xResúmenes.
_9114563
700 0 _aBernier, Charles L.
_911948
830 0 _aLibrary and information science series
_966635
901 _aBK
942 _cLIBRO
949 _a029.4 B6
_bBC
_cLIBRO
_d33724000303939
_eLIBRO
_h71284
_i26309
_si
999 _c21244
_d21244